Score 0/16 Timer 03:00
1 Play Today
Scrambled Center 6-Letter Word % Correct
TACTattack
92.9%
OMITatomic
88%
ROBSabsorb
85.6%
THENanthem
84.8%
BUMSambush
83.8%
MAINanimal
83.4%
RUBSabsurd
83.3%
YAWLalways
76.9%
Scrambled Center 6-Letter Word % Correct
ELSEasleep
76.6%
SHAGaghast
75.7%
DRAMarmada
74.8%
NEWSanswer
74.1%
LOANanalog
65.8%
RESTastern
64.2%
PAIRapiary
33.5%
LANKalkane
29.1%
Remove Ads.
Support Sporcle.
Get the best of Sporcle when you Go Orange. This ad-free experience offers more features, more stats, and more fun while also helping to support Sporcle. Thank you for becoming a member.

You're not logged in!

Compare scores with friends on all Sporcle quizzes.
OR
Log In

Show Comments

Extras

Top Quizzes Today


Score Distribution

Your Account Isn't Verified!

In order to create a playlist on Sporcle, you need to verify the email address you used during registration. Go to your Sporcle Settings to finish the process.

Report this User

Report this user for behavior that violates our Community Guidelines.

Details: